书目信息 |
| 题名: |
工厂电气设备经济运行
|
|
| 作者: | 徐玉琦 编著 | |
| 分册: | ||
| 出版信息: | 北京 机械工业出版社 1988.9 |
|
| 页数: | 449页 | |
| 开本: | 20厘米 | |
| 丛书名: | ||
| 单 册: | ||
| 中图分类: | TM727.3 | |
| 科图分类: | ||
| 主题词: | 电气设备--经济调度 | |
| 电子资源: | ||
| ISBN: | 978-7-111-00807-1 | |
| 000 | 00861cam0 2200229 450 | |
| 001 | 0100241028 | |
| 005 | 20060519135111.0 | |
| 010 | @a978-7-111-00807-1@dCNY5.80 | |
| 100 | @a19910415d1988 m y0chiy0110 ea | |
| 101 | 0 | @achi |
| 102 | @aCN@b110000 | |
| 105 | @ay z 000yy | |
| 106 | @ar | |
| 200 | 1 | @a工厂电气设备经济运行@9Gong Chang;An Dian Qi She Bei Jing Ji Yun Xing;Hang;Heng @f徐玉琦编著@b专著 |
| 210 | @a北京@c机械工业出版社@d1988.9 | |
| 215 | @a449页@d20厘米 | |
| 330 | @a本书分五章,分别以电动机、电力线路等为对象,分析了多种运行状态所引起的附加功率损耗,推导出了各类附加损耗的计算公式,阐明了降低功率损耗的方法,阐述了确定变电所位置和确定全厂运行电压的方法。 | |
| 606 | 0 | @a电气设备@x经济调度 |
| 690 | @aTM727.3@v1980 | |
| 701 | 0 | @a徐玉琦@f(1937.2~)@9xu yu qi@4编著 |
| 801 | 0 | @aCN@bAiZhiMarc@c19910415 |
| 905 | @aBZT@dTM727.3@e12@f2@sTM727.3/12 | |
| 工厂电气设备经济运行/徐玉琦编著.-北京:机械工业出版社,1988.9 |
| 449页;20厘米 |
| ISBN 978-7-111-00807-1:CNY5.80 |
| 本书分五章,分别以电动机、电力线路等为对象,分析了多种运行状态所引起的附加功率损耗,推导出了各类附加损耗的计算公式,阐明了降低功率损耗的方法,阐述了确定变电所位置和确定全厂运行电压的方法。 |
| ● |
| 相关链接 |
|
|
|
正题名:工厂电气设备经济运行
索取号:TM727.3/12
 
预约/预借
| 序号 | 登录号 | 条形码 | 馆藏地/架位号 | 状态 | 备注 |
| 1 | 2000113108 | 2000113108 | 旧书回溯/ [索取号:TM727.3/12] | 在馆 | |
| 2 | 2000113109 | 2000113109 | 旧书回溯/ [索取号:TM727.3/12] | 在馆 |